| 000 | 00413nam a2200157 i 4500 | ||
|---|---|---|---|
| 001 | 25341 | ||
| 003 | ES-MaACL | ||
| 007 | t| | ||
| 008 | 021224s1983 sp ||||1| spa d | ||
| 100 | 1 |
_aArmas, Aberlado de. _922920 |
|
| 245 | 1 | 0 |
_aRocas en el oleaje / _cAbelardo de Armas. |
| 250 | _a2ยช ed. | ||
| 260 |
_aMadrid : _bFareso, _c1983. |
||
| 300 |
_aXIV, 144 p. ; _c16 cm. |
||
| 852 |
_aES-MaACL _jL-4045 _bR.104993 |
||
| 999 |
_c25341 _d25341 |
||